| 000 | 00403pam a2200157a 44500 | ||
|---|---|---|---|
| 008 | 230515b1990 xxu||||| |||| 00| 0 eng d | ||
| 020 | _aNULL | ||
| 041 | _aENGL | ||
| 082 | _a005.43 /UNI | ||
| 100 | _aUNIX GUIDE | ||
| 245 | _aUNIX SYSTEM V/386 RELEASE 4 PROGRAMME GUIDE ANSI C AND PROGRAMMING SUPPORT TODAY | ||
| 250 | _aN.D. | ||
| 260 |
_aNULL _bPHADKE _c1990 |
||
| 300 | _a2 PB | ||
| 650 | _aNULL | ||
| 999 |
_c625706 _d625706 |
||